[Event "Saint Jacut Lallemand Memorial (Women)"]
[Site "Saint Jacut de la Mer"]
[Date "2015.06.13"]
[Round "4"]
[White "Seite, Yamina"]
[Black "Dacalor, Aurelie"]
[Result "1-0"]
[WhiteElo "1900"]
[BlackElo "2120"]
[PlyCount "53"]
[EventDate "2015.06.13"]
[EventType "swiss"]
[EventRounds "9"]
[EventCountry "FRA"]
[SourceTitle "EXT 2016"]
[Source "ChessBase"]
[SourceDate "2015.10.08"]
[SourceVersion "1"]
[SourceVersionDate "2015.10.08"]
[SourceQuality "1"]

1. e4 e5 2. Nf3 Nc6 3. d4 exd4 4. Bc4 Nf6 5. e5 d5 6. Bb5 Ne4 7. Nxd4 Bd7 8. Bxc6 bxc6 9. 0-0 Be7 10. f3 Nc5 11. Be3 Ne6 12. f4 Nxd4 13. Bxd4 c5 14. Bf2 c6 15. Nd2 Rb8 16. Nb3 c4 17. Nd4 0-0 18. Bg3 Rxb2 19. f5 Bc5 20. Kh1 Qb6 21. c3 Ba3 22. Qh5 c5 23. f6 h6 24. fxg7 cxd4 25. gxf8Q+ Bxf8 26. Qxf7+ Kh8 27. Qxf8+ 1-0

[Event "FRA-chT Top 12"]
[Site "Saint Quentin"]
[Date "2014.05.26"]
[Round "3.8"]
[White "Dacalor, Aurelie"]
[Black "Donrault, Patrick"]
[Result "0-1"]
[WhiteElo "2030"]
[BlackElo "2195"]
[PlyCount "90"]
[EventDate "2014.05.24"]
[EventType "team-tourn"]
[EventRounds "11"]
[EventCountry "FRA"]
[SourceTitle "CBM 160 Extra"]
[Source "ChessBase"]
[SourceDate "2014.07.01"]
[SourceVersion "1"]
[SourceVersionDate "2014.07.01"]
[SourceQuality "1"]
[WhiteTeam "Bois Colombes"]
[BlackTeam "Chalons en Champagne"]
[WhiteTeamCountry "FRA"]
[BlackTeamCountry "FRA"]

1. d4 e6 2. c4 Nf6 3. Nf3 b6 4. a3 Bb7 5. Nc3 d5 6. Bg5 Be7 7. cxd5 exd5 8. e3 0-0 9. Bd3 Nbd7 10. h3 c5 11. 0-0 a6 12. Qb1 Ne4 13. Bf4 Ndf6 14. Rd1 Qc8 15. Ng5 Nxg5 16. Bxg5 h6 17. Bf5 Qc6 18. Bh4 c4 19. f3 Rfe8 20. Qc1 g6 21. Bc2 Kg7 22. Qd2 b5 23. Qf2 a5 24. Kh1 b4 25. Ba4 Qe6 26. Bxe8 bxc3 27. Ba4 cxb2 28. Qxb2 Bc8 29. Bf2 g5 30. Rab1 h5 31. e4 g4 32. e5 Nh7 33. hxg4 hxg4 34. f4 Qh6+ 35. Kg1 Qxf4 36. Bc6 Ra6 37. Bxd5 g3 38. Bxg3 Qxg3 39. Qf2 Qxf2+ 40. Kxf2 Be6 41. Bb7 Ra7 42. d5 Bf5 43. Rb5 c3 44. d6 Bh4+ 45. g3 c2 0-1

[Event "Iraklio SOI op-A 9th"]
[Site "Iraklio"]
[Date "2013.09.06"]
[Round "5"]
[White "Dacalor, Aurelie"]
[Black "Bras, Emanouel"]
[Result "0-1"]
[WhiteElo "2016"]
[BlackElo "2031"]
[PlyCount "108"]
[EventDate "2013.09.03"]
[EventType "swiss"]
[EventRounds "7"]
[EventCountry "GRE"]
[SourceTitle "EXT 2024"]
[Source "ChessBase"]
[SourceDate "2023.10.10"]
[SourceVersion "1"]
[SourceVersionDate "2023.10.10"]
[SourceQuality "1"]

1. d4 d5 2. c4 c6 3. Nf3 Nf6 4. Nc3 e6 5. Bg5 Be7 6. e3 b6 7. cxd5 exd5 8. Bd3 Ne4 9. Bf4 Nxc3 10. bxc3 Bd6 11. Ne5 Be6 12. Rc1 b5 13. Bg3 Qc7 14. f4 g6 15. f5 gxf5 16. 0-0 Nd7 17. Bxf5 Bxe5 18. dxe5 0-0-0 19. a4 a6 20. axb5 axb5 21. Ra1 Nb6 22. Qc2 h5 23. Bxe6+ fxe6 24. Qg6 Rde8 25. Rf7 Re7 26. Qg7 Rhe8 27. Raf1 Nc4 28. Bh4 Rxf7 29. Rxf7 Qxe5 30. Qxe5 Nxe5 31. Rh7 Nc4 32. Bg5 Nd6 33. Bf6 Ne4 34. Be5 c5 35. Rc7+ Kd8 36. Rb7 Rf8 37. Rb8+ Ke7 38. Rb7+ Ke8 39. Rb8+ Kf7 40. Rxb5 Kg6 41. h3 Ra8 42. Kf1 Kf5 43. Bg7 Ra1+ 44. Ke2 Ra2+ 45. Kf1 h4 46. Bf8 c4 47. Rb7 Ng3+ 48. Ke1 Ke4 49. Bd6 Kxe3 50. Kd1 Ne4 51. Be5 Kd3 52. Ke1 Re2+ 53. Kf1 Nd2+ 54. Kg1 Rxe5 0-1

[Event "FRA-chT Top 12 (Women)"]
[Site "Archamps"]
[Date "2013.02.15"]
[Round "1.4"]
[White "Dacalor, Aurelie"]
[Black "Genova, Liubka"]
[Result "0-1"]
[WhiteElo "2025"]
[BlackElo "2276"]
[PlyCount "66"]
[EventDate "2013.02.15"]
[EventType "team-swiss"]
[EventRounds "5"]
[EventCountry "FRA"]
[SourceTitle "CBM 152 Extra"]
[Source "ChessBase"]
[SourceDate "2013.02.25"]
[SourceVersion "1"]
[SourceVersionDate "2013.02.25"]
[SourceQuality "1"]
[WhiteTeam "Bois Colombes (W)"]
[BlackTeam "Mulhouse Philidor (W)"]
[WhiteTeamCountry "FRA"]
[BlackTeamCountry "FRA"]

1. d4 g6 2. c4 Bg7 3. Nc3 c5 4. d5 Bxc3+ 5. bxc3 f5 6. Nf3 d6 7. g3 Qa5 8. Qc2 Nd7 9. Bg2 Nb6 10. Nd2 Nf6 11. 0-0 Bd7 12. Rb1 0-0-0 13. Re1 Rde8 14. e3 Ng4 15. f4 e5 16. h3 Nf6 17. fxe5 Rxe5 18. Nf3 Re7 19. Nd2 Rhe8 20. Kf2 g5 21. Bb2 h5 22. Bf1 Na4 23. Ba1 h4 24. gxh4 gxh4 25. Bd3 Ne4+ 26. Nxe4 fxe4 27. Bf1 Rf8+ 28. Kg1 Rg7+ 29. Kh2 Qd8 30. Re2 Qg5 31. Bg2 Qg3+ 32. Kh1 Bxh3 33. Qxe4 Bf5 0-1

[Event "FRA-ch op-A"]
[Site "Pau"]
[Date "2012.08.14"]
[Round "1"]
[White "Dacalor, Aurelie"]
[Black "Le Hetet, Nicolas"]
[Result "1-0"]
[WhiteElo "2014"]
[BlackElo "2152"]
[PlyCount "101"]
[EventDate "2012.08.14"]
[EventType "swiss"]
[EventRounds "11"]
[EventCountry "FRA"]
[SourceTitle "CBM 150 Extra"]
[Source "ChessBase"]
[SourceDate "2012.10.19"]
[SourceVersion "1"]
[SourceVersionDate "2012.10.19"]
[SourceQuality "1"]

1. d4 d5 2. c4 c6 3. Nc3 Nf6 4. Nf3 e6 5. e3 Nbd7 6. Qc2 Bd6 7. b3 0-0 8. Bb2 b6 9. Be2 Bb7 10. 0-0 c5 11. Rfd1 Qe7 12. a4 cxd4 13. exd4 Bb4 14. Na2 Bd6 15. Nc3 a6 16. a5 dxc4 17. bxc4 bxa5 18. Rxa5 Bb4 19. Ra2 Rfc8 20. Ne5 Qd6 21. f4 Qc7 22. Bd3 h6 23. Qe2 Nf8 24. Na4 a5 25. Bc1 N6d7 26. Qh5 Nxe5 27. fxe5 Bc6 28. Be3 Rab8 29. c5 Bd5 30. Raa1 Bc6 31. Nb6 Rd8 32. Qg4 Kh8 33. Rac1 a4 34. Nc4 Bd5 35. Rf1 Bxc4 36. Bxc4 Ng6 37. h4 Bxc5 38. dxc5 Qxe5 39. Bf2 Rb4 40. Qe2 Qf4 41. g3 Qc7 42. Rb1 Rxb1 43. Rxb1 Ne5 44. Ba6 Rd2 45. Qe4 a3 46. Ra1 a2 47. Be3 Rb2 48. Bd4 Rb1+ 49. Kg2 f5 50. Qxe5 Qc6+ 51. Kf2 1-0

[Event "FRA-chT1 1011"]
[Site "France"]
[Date "2010.11.14"]
[Round "3.8"]
[White "Nadin, Stephanie"]
[Black "Dacalor, Aurelie"]
[Result "1/2-1/2"]
[WhiteElo "1792"]
[BlackElo "1929"]
[PlyCount "83"]
[EventDate "2010.10.17"]
[EventType "team-tourn"]
[EventRounds "11"]
[EventCountry "FRA"]
[SourceTitle "EXT 2012"]
[Source "ChessBase"]
[SourceDate "2011.11.24"]
[SourceVersion "1"]
[SourceVersionDate "2011.11.24"]
[SourceQuality "1"]

1. d4 Nf6 2. c4 d6 3. Nc3 g6 4. e4 Bg7 5. f3 Nbd7 6. Be3 e5 7. d5 0-0 8. Qd2 a5 9. Bg5 Nc5 10. h4 Qe8 11. Nb5 Qd7 12. Bxf6 Bxf6 13. g4 Nxe4 14. Qh2 Nc5 15. g5 Bd8 16. 0-0-0 Qe7 17. Ne2 e4 18. fxe4 Qxe4 19. Ng3 Qf4+ 20. Kb1 h5 21. Be2 Ne4 22. Nxe4 Qxe4+ 23. Bd3 Qg4 24. Rdg1 Qd7 25. Nc3 Be7 26. Ne4 Qd8 27. Qf2 Bf5 28. Rg3 Bxe4 29. Bxe4 Qd7 30. Qc2 Kg7 31. Rf1 c6 32. Qc3+ Kg8 33. Qc2 Kg7 34. Qc3+ Kh7 35. Qf3 c5 36. Qxh5+ Kg8 37. Bxg6 fxg6 38. Qxg6+ Kh8 39. Qh6+ Kg8 40. Qg6+ Kh8 41. Qh6+ Kg8 42. Qg6+ 1/2-1/2

[Event "Paris-ch op-A"]
[Site "Paris"]
[Date "2010.07.05"]
[Round "3"]
[White "Dacalor, Aurelie"]
[Black "Cirlan, Ionut Gheorghe"]
[Result "0-1"]
[WhiteElo "1986"]
[BlackElo "2110"]
[PlyCount "114"]
[EventDate "2010.07.03"]
[EventType "swiss"]
[EventRounds "9"]
[EventCountry "FRA"]
[SourceTitle "CBM 137 Extra"]
[Source "ChessBase"]
[SourceDate "2010.09.01"]
[SourceVersion "1"]
[SourceVersionDate "2010.09.01"]
[SourceQuality "1"]

1. d4 Nf6 2. c4 e6 3. Nc3 d5 4. Bg5 Be7 5. e3 0-0 6. Nf3 b6 7. Rc1 Ba6 8. Ne5 h6 9. Bh4 dxc4 10. Qf3 Nd5 11. Nxd5 exd5 12. Bxe7 Qxe7 13. Qxd5 Qb4+ 14. Kd1 c6 15. Qf3 Qxb2 16. Nxc4 Qxa2 17. Bd3 Nd7 18. Bb1 Qb3+ 19. Bc2 Qb4 20. Nd2 Rac8 21. Qf5 Nf6 22. Rb1 Qe7 23. e4 Rfd8 24. Nf3 c5 25. d5 c4 26. Ra1 Bb5 27. Nd4 Qc5 28. Nxb5 Qxb5 29. Rxa7 Ra8 30. Rxa8 Rxa8 31. Qe5 Rd8 32. Qc3 Qc5 33. Ke2 b5 34. Rb1 Re8 35. f3 Nxd5 36. Qd2 b4 37. Kf1 Ne3+ 38. Ke2 Nxg2 39. Rxb4 Nf4+ 40. Kf1 Nh3 41. Kg2 Nf4+ 42. Kf1 Ne6 43. Qc3 Rc8 44. e5 g6 45. Rb7 Qd4 46. Qxd4 Nxd4 47. Be4 c3 48. Rb1 Rc5 49. Kf2 Rxe5 50. Ke3 Ne6 51. Kd3 Rc5 52. Rc1 Nf4+ 53. Ke3 g5 54. Rc2 f5 55. Ba8 Kg7 56. Kd4 Ne6+ 57. Kd3 Rc8 0-1

[Event "FRA-chT1 0910"]
[Site "France"]
[Date "2009.12.13"]
[Round "7.8"]
[White "Dacalor, Aurelie"]
[Black "Brih, Touatia"]
[Result "0-1"]
[WhiteElo "2003"]
[BlackElo "1958"]
[PlyCount "70"]
[EventDate "2009.09.27"]
[EventType "team-tourn"]
[EventRounds "11"]
[EventCountry "FRA"]
[SourceTitle "EXT 2011"]
[Source "ChessBase"]
[SourceDate "2010.11.26"]
[SourceVersion "1"]
[SourceVersionDate "2010.11.26"]
[SourceQuality "1"]

1. d4 d5 2. c4 c6 3. Nc3 Nf6 4. Nf3 g6 5. h3 Bg7 6. Bf4 0-0 7. e3 Qb6 8. Qd2 Bf5 9. Rc1 Ne4 10. Nxe4 Bxe4 11. c5 Qd8 12. Qb4 Nd7 13. Nd2 e5 14. dxe5 Nxe5 15. Nxe4 dxe4 16. Bxe5 Bxe5 17. Rd1 Qf6 18. Bc4 Bxb2 19. 0-0 Qc3 20. Qxc3 Bxc3 21. Rd7 b5 22. cxb6 axb6 23. Re7 b5 24. Bb3 c5 25. Bd5 Ra4 26. Rb1 Bf6 27. Rxe4 Rxe4 28. Bxe4 b4 29. Bd5 Rd8 30. e4 Bd4 31. Kf1 Kg7 32. Bc4 Ra8 33. Ke1 Ra3 34. Bb3 Kf6 35. f3 Ra7 0-1

[Event "FRA-chT Top 16 Gp Basse"]
[Site "Le Port Marly"]
[Date "2009.05.29"]
[Round "9"]
[White "Dacalor, Aurelie"]
[Black "Nicoara, Malina"]
[Result "0-1"]
[WhiteElo "2038"]
[BlackElo "2167"]
[PlyCount "82"]
[EventDate "2009.05.28"]
[EventType "team-tourn"]
[EventRounds "11"]
[EventCountry "FRA"]
[SourceTitle "CBM 130 Extra"]
[Source "ChessBase"]
[SourceDate "2009.07.02"]
[SourceVersion "2"]
[SourceVersionDate "2009.07.15"]
[SourceQuality "1"]

1. d4 Nf6 2. c4 d6 3. Nc3 Nbd7 4. e4 e5 5. d5 g6 6. Be3 Bg7 7. f3 0-0 8. Qd2 a5 9. Bd3 Ne8 10. Bg5 f6 11. Bh4 Nc5 12. Bc2 c6 13. Nge2 Qc7 14. g4 Kh8 15. 0-0-0 Qf7 16. Bf2 Nd7 17. Ng3 Rg8 18. h4 Bf8 19. Be3 Nc5 20. Qe2 cxd5 21. cxd5 b6 22. Rdg1 Ba6 23. Qd1 b5 24. f4 b4 25. Na4 Bb5 26. Rg2 Qc7 27. Kb1 Rb8 28. h5 Qd7 29. hxg6 Rxg6 30. Nxc5 dxc5 31. Rgh2 Qxg4 32. Rxh7+ Kg8 33. Rh8+ Kf7 34. R1h7+ Ng7 35. Qxg4 Rxg4 36. Nf5 Rg2 37. fxe5 fxe5 38. b3 c4 39. Nd6+ Bxd6 40. Rxb8 Bxb8 41. bxc4 Bxc4 0-1

[Event "FRA-chT Top 16 GpA"]
[Site "France"]
[Date "2009.05.03"]
[Round "7"]
[White "Moingt, Anne"]
[Black "Dacalor, Aurelie"]
[Result "0-1"]
[WhiteElo "2163"]
[BlackElo "2038"]
[PlyCount "68"]
[EventDate "2009.03.20"]
[EventType "team"]
[EventRounds "7"]
[EventCountry "FRA"]
[SourceTitle "CBM 129 Extra"]
[Source "ChessBase"]
[SourceDate "2009.05.05"]
[SourceVersion "2"]
[SourceVersionDate "2009.05.20"]
[SourceQuality "1"]

1. e4 d5 2. exd5 Qxd5 3. Nc3 Qd6 4. d4 c6 5. Nf3 Bg4 6. Be2 Nf6 7. h3 Bh5 8. g4 Bg6 9. Ne5 Nd5 10. Nxd5 cxd5 11. c3 Nc6 12. Qa4 Kd8 13. Bf4 Nxe5 14. dxe5 Qb6 15. 0-0-0 e6 16. Bf3 Bc5 17. Bg5+ Kc8 18. Rhe1 Bxf2 19. Re2 h6 20. Bf4 Bc5 21. b4 Be7 22. Kb2 Qc6 23. Qb3 b5 24. Rd4 Rd8 25. Red2 Rb8 26. Qd1 Rb7 27. a3 Rc7 28. Qb3 Bh4 29. Rd1 Bf2 30. R4d2 Qb6 31. a4 bxa4 32. Qxa4 Be3 33. b5 Bxd2 34. Rxd2 Bd3 0-1

[Event "FRA-chT Top 12 (Women)"]
[Site "France"]
[Date "2009.??.??"]
[Round "1.1"]
[White "Dacalor, Aurelie"]
[Black "Genova, Liubka"]
[Result "0-1"]
[WhiteElo "2041"]
[BlackElo "2231"]
[PlyCount "104"]
[EventDate "2009.01.22"]
[EventType "team-tourn"]
[EventRounds "4"]
[EventCountry "FRA"]
[SourceTitle "CBM 128 Extra"]
[Source "ChessBase"]
[SourceDate "2009.03.05"]
[SourceVersion "2"]
[SourceVersionDate "2009.03.25"]
[SourceQuality "1"]

1. d4 g6 2. c4 Bg7 3. Nc3 c5 4. d5 Bxc3+ 5. bxc3 f5 6. Bf4 d6 7. Nf3 Qa5 8. Qc2 Nf6 9. Nd2 Nbd7 10. f3 Nh5 11. Bh6 Ne5 12. g3 Bd7 13. a4 0-0-0 14. Kf2 Nf7 15. Be3 g5 16. f4 gxf4 17. gxf4 Nh6 18. h3 Rhg8 19. Bg2 Rg7 20. Nf3 Ng3 21. Rhc1 Ne4+ 22. Kf1 Rdg8 23. Ng5 Nxg5 24. fxg5 Nf7 25. h4 h6 26. Bh3 hxg5 27. Bxf5 gxh4 28. Bxd7+ Kxd7 29. Qf5+ Kd8 30. Ke1 Ne5 31. Qe4 Rg4 32. Bf4 Ng6 33. e3 Nxf4 34. exf4 Rf8 35. Ra2 Rgxf4 36. Qe3 Rxc4 37. Re2 Qc7 38. Qh6 Re8 39. Rh2 Rxa4 40. Rxh4 Rxh4 41. Qxh4 Qa5 42. Kd2 Qa2+ 43. Rc2 Qxd5+ 44. Kc1 b5 45. Rd2 Qc6 46. Kc2 a5 47. Kb2 a4 48. Ka3 Qf3 49. Rc2 Kd7 50. Qe1 b4+ 51. Kb2 a3+ 52. Ka2 Qd5+ 0-1

[Event "FRA-chT1B 0708"]
[Site "France"]
[Date "2007.12.16"]
[Round "5.8"]
[White "Dacalor, Aurelie"]
[Black "Richard, Emma"]
[Result "0-1"]
[WhiteElo "2033"]
[BlackElo "1955"]
[PlyCount "130"]
[EventDate "2007.10.21"]
[EventType "team"]
[EventRounds "11"]
[EventCountry "FRA"]
[SourceTitle "EXT 2009"]
[Source "ChessBase"]
[SourceDate "2008.11.26"]
[SourceVersion "1"]
[SourceVersionDate "2008.11.26"]
[SourceQuality "1"]
[WhiteTeam "Lutece"]
[BlackTeam "Mulhouse II"]
[WhiteTeamCountry "FRA"]
[BlackTeamCountry "FRA"]

1. d4 Nf6 2. c4 g6 3. Nc3 Bg7 4. e4 d6 5. f4 0-0 6. Nf3 c5 7. d5 a6 8. Qc2 e6 9. Be2 exd5 10. cxd5 b5 11. 0-0 Ra7 12. Re1 Re8 13. Nd2 b4 14. Nd1 Rae7 15. Bc4 Bb7 16. Qd3 Bc8 17. Nf2 Bf5 18. a3 Qb6 19. h3 h5 20. Bb3 Qa7 21. Ba4 Bd7 22. Bxd7 Nbxd7 23. Nc4 Nb6 24. axb4 Nxc4 25. Qxc4 Nxe4 26. Rxa6 Qc7 27. Nxe4 Bd4+ 28. Kf1 Rxe4 29. Rxe4 Rxe4 30. Qd3 Qe7 31. Ra8+ Kg7 32. Bd2 cxb4 33. b3 Bc5 34. Qf3 Be3 35. Bxe3 Rxe3 36. Qd1 Qe4 37. Ra2 Qxf4+ 38. Rf2 Qh2 39. Qd4+ Qe5 40. Qxe5+ Rxe5 41. Rf4 Rxd5 42. Rxb4 Kf6 43. Ke2 Ke5 44. Ke3 Ra5 45. Rb7 f5 46. b4 Ra3+ 47. Ke2 Rb3 48. b5 Kf4 49. Kf2 g5 50. Rb8 g4 51. hxg4 hxg4 52. b6 g3+ 53. Ke2 Rb2+ 54. Kd3 Rxg2 55. Kc3 Re2 56. Rc8 Re7 57. Rc7 g2 58. Rxe7 g1Q 59. b7 Qb6 60. Kc4 Kg5 61. Rd7 f4 62. Kd5 f3 63. Rf7 Kg6 64. Rd7 Kg5 65. Rf7 f2 0-1